000 01139cam a22002651i 4500
003 SA-RiAUC
005 20250604095231.0
008 250603s1989 su g 00000 ara c
040 _aSA-JeALM
_bara
_cSA-RiAUC
_erda
043 _aa-su---
082 0 4 _a306.095313
090 _a306.095313
_bس ب ي
100 1 _aالسبيعي، عبد الله ناصر عبد الله،
_d1364 هجري-
_eمؤلف.
245 1 2 _aالحياة العلمية والثقافية والفكرية في المنطقة الشرقية 1350-1380 هـ. / 1930-1960 هـ. /
_cعبد الله ناصر السبيعي.
250 _aالطبعة الثانية.
264 1 _aالرياض :
_bعبدالله ناصر السبيعي،
_c1989
300 _a141 صفحة ؛
_c24 سم
336 _aنص
_btxt
_2rdacontent
_3كتاب
337 _aبدون وسيط
_bn
_2rdamedia
338 _aمجلد
_bnc
_2rdacarrier
650 7 _aالثقافة
_zالسعودية
_zالمنطقة الشرقية
_2aucsh
650 7 _aالتعليم
_zالسعودية
_zالمنطقة الشرقية
_2aucsh
942 _2ddc
_cBOOK
_n0
949 _aSA-JeALM
_d250603
_uosman123
_n1
999 _c8728
_d8728